J. Niemiecki - czasowniki nieregularne - Statystyki

Ogólne statystyki
  • Ten quiz został rozwiązany 164 razy
  • Średni wynik to 20 z 60
Statystyki odpowiedzi
Hint Odpowiedź % Poprawnych
Jeść essen
75%
Jeżdzić, jechać fahren
68%
Piec backen
65%
gegessen
58%
Latać fliegen
54%
Myśleć denken
52%
Prosić bitten
51%
gefahren
51%
gebacken
49%
Znajdować finden
48%
Wstawać aufstehen
45%
Przynosić bringen
43%
42%
Zaczynać beginnen
42%
geflogen
41%
Móc, mieć pozwolenie dürfen
39%
gefunden
39%
Odjeżdżać abfahren
36%
Zostawać bleiben
36%
bat
35%
Zapraszać einladen
35%
Żreć fressen
35%
begonnen
33%
aufgestanden
32%
fuhr
32%
gedacht
32%
gedurft
32%
Zaczynać anfangen
30%
fand
30%
flog
30%
geblieben
30%
Zasypiać einschlafen
29%
gebracht
29%
Zakładać anziehen
28%
dachte
28%
gefressen
28%
angefangen
26%
backte
26%
Otrzymywać bekommen
26%
brachte
26%
angezogen
25%
begann
25%
blieb
25%
durfte
25%
eingeladen
25%
gebeten
25%
abgefahren
23%
eingeschlafen
23%
stand auf
23%
bekommen
22%
fraß
20%
bekam
19%
fing an
16%
geboren
16%
lud ein
16%
zog an
16%
fuhr ab
14%
schlief ein
14%
Rodzić (się) gebären
10%
gebar
9%
Nie znaleziono quizów pasujących do podanych kryteriów
Rozkład punktacji
Procent ludzi z każdym wynikiem
Percentyl według liczby udzielonych odpowiedzi
Twoja historia wyników
Nie rozwiązałeś tego quizu